Loading...
| Mythology | 0 | 6 | 2 | 0 | 50 | 23 | 48.50 | 0 | 3 | 35.29 | 40.89 |
| History - European | 0 | 2 | 0 | 0 | 20 | 51 | 56.00 | 0 | 2 | 9.26 | 12.14 |
| History - Other | 0 | 2 | 0 | 0 | 20 | 14 | 55.00 | 0 | 1 | 10.28 | 13.75 |
| Literature - British | 0 | 2 | 0 | 0 | 20 | 53 | 77.00 | 0 | 1 | 6.76 | 10.00 |
| History - American | 0 | 2 | 1 | 0 | 15 | 62 | 62.00 | 0 | 1 | 7.88 | 11.43 |
| History - World | 0 | 2 | 1 | 0 | 15 | 31 | 57.50 | 0 | 1 | 8.92 | 13.75 |
| Religion | 0 | 2 | 1 | 1 | 15 | 31 | 71.00 | 1 | 1 | 7.21 | 11.25 |
| Science - Biology | 0 | 2 | 1 | 1 | 15 | 94 | 96.00 | 0 | 1 | 0.00 | 2.68 |
| Science - Chemistry | 0 | 1 | 0 | 0 | 10 | 73 | 73.00 | 0 | 0 | 2.77 | 3.75 |
| Fine Arts - Other | 0 | 1 | 0 | 0 | 10 | 65 | 65.00 | 0 | 1 | 4.58 | 5.71 |
| Geography | 0 | 1 | 0 | 1 | 10 | 118 | 118.00 | 0 | 0 | 0.00 | 3.13 |
| Literature - American | 0 | 1 | 0 | 0 | 10 | 102 | 102.00 | 0 | 1 | 1.28 | 6.25 |
| Fine Arts - Classical Music | 0 | 1 | 0 | 0 | 10 | 58 | 58.00 | 0 | 1 | 4.63 | 7.14 |
| Literature - World | 0 | 1 | 0 | 0 | 10 | 83 | 83.00 | 0 | 1 | 3.03 | 7.50 |
| Philosophy | 0 | 1 | 0 | 0 | 10 | 62 | 62.00 | 1 | 1 | 6.58 | 14.29 |
| Science - Other | 0 | 2 | 2 | 1 | 10 | 74 | 84.00 | 0 | 0 | 3.12 | 6.61 |
| Social Science | 0 | 1 | 1 | 0 | 5 | 88 | 88.00 | 0 | 0 | 1.84 | 1.79 |
| Science - Physics | 0 | 1 | 1 | 0 | 5 | 72 | 72.00 | 0 | 0 | 2.00 | 4.29 |
| Literature - European | 0 | 0 | 3 | 0 | -15 | 0.00 | 0 | 0 | 0.00 | 0.00 |